Boola's secrets / (Record no. 111108)
[ view plain ]
| 000 -LEADER | |
|---|---|
| fixed length control field | 00768nam a2200205 a 4500 |
| 001 - CONTROL NUMBER | |
| control field | 1286 |
| 005 - DATE AND TIME OF LATEST TRANSACTION | |
| control field | 20140414131909.0 |
| 008 - FIXED-LENGTH DATA ELEMENTS--GENERAL INFORMATION | |
| fixed length control field | 041220s19uu xx 00 eng d |
| 020 ## - INTERNATIONAL STANDARD BOOK NUMBER | |
| International Standard Book Number | 0-671-66867-6 |
| 050 ## - LIBRARY OF CONGRESS CALL NUMBER | |
| Classification number | ER |
| Item number | B63 1988 |
| 100 ## - MAIN ENTRY--PERSONAL NAME | |
| Personal name | Bradbury, Pamela Zanin |
| 245 ## - TITLE STATEMENT | |
| Title | Boola's secrets / |
| Statement of responsibility, etc | written by Pamela Zanin Bradbury ; illustrated by Jodi McCallum. |
| 260 ## - PUBLICATION, DISTRIBUTION, ETC. (IMPRINT) | |
| Place of publication, distribution, etc | New York : |
| Name of publisher, distributor, etc | Little Simon, |
| Date of publication, distribution, etc | 1988. |
| 300 ## - PHYSICAL DESCRIPTION | |
| Extent | 1 v. p. : ill. ; cm. |
| 520 ## - SUMMARY, ETC. | |
| Summary, etc | Boola doesn't like to howl and spook like all the other little ghosts. Boola has many secrets, and the biggest secret, and the biggest secret of all is her new friendship with a young boy and his dog. |
| 650 ## - SUBJECT ADDED ENTRY--TOPICAL TERM | |
| Topical term or geographic name as entry element | Ghosts |
| General subdivision | Fiction. |
| 650 ## - SUBJECT ADDED ENTRY--TOPICAL TERM | |
| Topical term or geographic name as entry element | Children stories. |
| Withdrawn status | Lost status | Damaged status | Use restrictions | Home library | Current library | Shelving location | Date acquired | Source of acquisition | Total Checkouts | Full call number | Barcode | Date last seen | Price effective from | Koha item type | Cost, normal purchase price |
|---|---|---|---|---|---|---|---|---|---|---|---|---|---|---|---|
| Munich Library | Munich Library | Easy Reading Section | 12/20/2004 | ER B63 1988 | M1676 | 04/14/2014 | 04/14/2014 | Books | |||||||
| Munich Library | Munich Library | Easy Reading Section | 01/01/2005 | ER B63 1988 | M1717 | 04/14/2014 | 04/14/2014 | Books | 65.50 |